Statistics for Formula One Racing: Early 2010s

Click here to take the quiz!

General Stats

  • This quiz has been taken 31 times
  • The average score is 104 of 185

Answer Stats

#Nat.Answer% Correct
1GBRJenson Button
100%
2GBRLewis Hamilton
100%
Mercedes
96%
Mercedes-AMG Petronas F1 Team
96%
Mercedes GP Petronas F1 Team
96%
4DEUNico Rosberg
96%
5DEUSebastian Vettel
96%
Ferrari
92%
McLaren Mercedes
92%
Scuderia Ferrari
92%
Vodafone McLaren Mercedes
92%
AT&T Williams
88%
7BRAFelipe Massa
88%
8ESPFernando Alonso
88%
Infiniti Red Bull Racing
88%
10DEUNico Hülkenberg
88%
Red Bull Racing
88%
Scuderia Ferrari Marlboro
88%
Williams F1 Team
88%
Williams Martini Racing
88%
Yas Marina Circuit
88%
BMW Sauber F1 Team
84%
Force India F1 Team
84%
23JPNKamui Kobayashi
84%
Lotus Renault GP
84%
6AUSMark Webber
84%
3DEUMichael Schumacher
84%
Renault
84%
Renault F1 Team
84%
Sahara Force India F1 Team
84%
Sauber F1 Team
84%
22AUSDaniel Ricciardo
80%
9FINKimi Räikkönen
80%
Lotus F1 Team
80%
Lotus Racing
80%
10FRARomain Grosjean
80%
Scuderia Toro Rosso
80%
17MEXSergio Pérez
80%
Team Lotus
80%
17FINValtteri Bottas
80%
Bahrain
76%
Bahrain International Circuit
76%
British
76%
Circuit de Monaco
76%
Circuit de Spa-Francorchamps
76%
Indian
76%
Marina Bay Street Circuit
76%
Monaco
76%
12VENPastor Maldonado
76%
9BRARubens Barrichello
76%
Silverstone Circuit
76%
Singapore
76%
Abu Dhabi
72%
Albert Park Circuit
72%
Australian
72%
Austrian
72%
Autódromo José Carlos Pace
72%
Autodromo Nazionale di Monza
72%
Belgian
72%
Brazilian
72%
Canadian
72%
Circuit Gilles Villeneuve
72%
German
72%
19FINHeikki Kovalainen
72%
20DENKevin Magnussen
72%
9SWEMarcus Ericsson
72%
22ESPPedro de la Rosa
72%
11POLRobert Kubica
72%
Suzuka Circuit
72%
United States
72%
Chinese
68%
Circuit de Barcelona-Catalunya
68%
Circuit de Catalunya
68%
12MEXEsteban Gutiérrez
68%
Italian
68%
15GBRPaul di Resta
68%
Russian
68%
21BRABruno Senna
64%
Circuit of the Americas
64%
26RUSDaniil Kvyat
64%
Hockenheimring
64%
Japanese
64%
18ITAJarno Trulli
64%
Korea International Circuit
64%
Malaysian
64%
Nürburgring
64%
16CHFSébastien Buemi
64%
Shanghai International Circuit
64%
Spanish
64%
24DEUTimo Glock
64%
12RUSVitaly Petrov
64%
14DEUAdrian Sutil
60%
Hungarian
60%
Hungaroring
60%
17FRAJean-Éric Vergne
60%
Korean
60%
Marussia F1 Team
60%
Marussia Virgin Racing
60%
22DEUNick Heidfeld
60%
Red Bull Ring
60%
Sochi Autodrom
60%
Turkish
60%
Buddh International Circuit
56%
Caterham F1 Team
56%
Cosworth
56%
European
56%
Hispania Racing F1 Team
56%
HRT Formula 1 Team
56%
Istanbul Park
56%
22FRAJules Bianchi
56%
20INDKarun Chandhok
56%
Sepang International Circuit
56%
Valencia Street Circuit
56%
Virgin Racing
56%
42USAAlexander Rossi
52%
23GBRMax Chilton
52%
21NEDGiedo van der Garde
48%
17ESPJaime Alguersuari
48%
25BELJérôme d'Ambrosio
48%
22INDNarain Karthikeyan
48%
RB10
48%
RB9
48%
15ITAVitantonio Liuzzi
48%
45DEUAndré Lotterer
44%
F1 W05 Hybrid
44%
RB6
44%
RB7
44%
RB8
44%
F1 W04
40%
25BRALucas di Grassi
40%
MGP W01
40%
25FRACharles Pic
36%
F1 W03
36%
MGP W02
36%
46GBRWill Stevens
36%
20AUTChristian Klien
32%
F14T
32%
FW32
32%
FW33
32%
FW34
32%
FW35
32%
FW36
32%
20JPNSakon Yamamoto
32%
C29
28%
C31
28%
C32
28%
C33
28%
F2012
28%
MP4-25
28%
MP4-28
28%
MP4-29
28%
STR5
28%
STR6
28%
STR7
28%
STR8
28%
STR9
28%
C30
24%
MP4-26
24%
MP4-27
24%
VJM03
24%
VJM04
24%
VJM05
24%
VJM06
24%
VJM07
24%
F10
20%
150º Italia
16%
E20
16%
E21
16%
E22
16%
MR01
16%
MR02
16%
MR03
16%
CT01
12%
CT03
12%
CT05
12%
F110
12%
F111
12%
F112
12%
F138
12%
MVR-02
12%
R30
12%
R31
12%
T127
12%
T128
12%
VR-01
8%

Score Distribution

Percentile by Number Answered

Percent of People with Each Score

Your Score History

You have not taken this quiz